Human capital and economic growth

Salvato in:
Dettagli Bibliografici
Autore principale: Savvides, Andreas
Altri autori: Stengos, Thanasis
Natura: Libro
Lingua:inglese
Pubblicazione: Stanford Stanford University Press/Stanford Economics and Finance 2009
Soggetti:
Tags: Aggiungi Tag
Nessun Tag, puoi essere il primo ad aggiungerne!!

MARC

LEADER 00000nam a2200000 4500
001 0226733
005 20240306135720.6
020 |a 978-0-8047-5540-5 
020 |a 0-8047-5540-X 
041 0 |a eng 
044 |a US 
245 1 0 |a Human capital and economic growth  |c Andreas Savvides and Thanasis Stengos 
264 1 |a Stanford  |b Stanford University Press/Stanford Economics and Finance  |c 2009 
300 |a 240 s. 
610 2 0 |a kapitál ľudský 
610 2 0 |a rast hospodársky 
610 2 0 |a história 
610 2 0 |a vývoj 
610 2 0 |a teórie rastu hospodárskeho 
610 2 0 |a modelovanie ekonometrické 
610 2 0 |a modely nelineárne 
610 2 0 |a odhad štatistický 
610 2 0 |a ekonometria 
100 1 |a Savvides, Andreas 
700 1 |a Stengos, Thanasis